000 00271nam a2200133Ia 4500
100 _aBarsukov/P
942 _cBK
654 _aDrawing
245 _aBuilding Construction Drawing
260 _bPeace publishers
082 _a604.2
300 _a302
546 _aENGLISH
999 _c28105
_d28105